| LEADER |
00703nam0a2200217 450 |
| 001 |
16828096 |
| 010 |
|
|
|a 978-2-7470-8288-4
|b br.
|d 5,9
|
| 100 |
|
|
|a 20170630d2026 u u0frey01 ba
|
| 101 |
0 |
|
|a fre
|
| 102 |
|
|
|a FR
|
| 200 |
0 |
|
|a Sur la piste du puma
|f texte de Christophe Lambert
|
| 207 |
|
1 |
|a
|
| 210 |
|
|
|a [Paris]
|c Bayard poche
|d DL 2017
|
| 215 |
|
|
|a 1 vol. (60 p.)
|c ill. en coul.
|d 18 cm
|
| 225 |
1 |
|
|a Yakari
|v 1
|
| 300 |
|
|
|a D'après le dessin animé
|
| 461 |
|
0 |
|t Yakari
|v 1
|
| 700 |
|
0 |
|a Lambert
|b Christophe
|c Auteur du texte
|f 1969-....
|4 70
|
| 900 |
|
|
|a Roman enfant
|
| 901 |
|
|
|a Accessible au prêt
|
| 995 |
|
|
|a Bibliothèque
|c Bibliothèque
|f 024018247
|h 024018247
|k E C2 LAM
|o p
|q j
|r az
|e Bibliothèque
|